History Quiz

Random History Quiz

United Nations 1990 Or Later Quiz Stats

 Plays Quiz not verified by Sporcle

Score 0/37 Timer 08:00
0 Plays Today
Hint Answer % Correct
2000Serbia
88.2%
1991Croatia
85.3%
1991Estonia
85.3%
2006Montenegro
85.3%
1992Slovenia
85.3%
1991Lithuania
82.4%
1993Slovakia
82.4%
2011South Sudan
82.4%
1993Czech Republic
79.4%
1992Armenia
73.5%
1992Azerbaijan
70.6%
1993Macedonia
70.6%
1992Georgia
67.6%
1992Kazakhstan
67.6%
1992Kyrgyzstan
67.6%
1992Tajikistan
67.6%
1992Uzbekistan
67.6%
2002Timor-Leste
64.7%
1992Turkmenistan
64.7%
Hint Answer % Correct
1999Kiribati
58.8%
1991Marshall Islands
55.9%
2000Tuvalu
55.9%
1999Nauru
52.9%
1993Eritrea
50%
1991Micronesia
50%
2002Switzerland
50%
1999Tonga
41.2%
1990Namibia
38.2%
1993Andorra
35.3%
1990Liechtenstein
32.4%
1992San Marino
23.5%
1991Lativa
8.8%
1991Republic Of Korea
8.8%
1992Boznia
2.9%
1992Herzegovina
2.9%
1994Palav
0%
1992Republic Of Moldova
0%

You're not logged in!

Compare scores with friends on all Sporcle quizzes.
OR
Log In

Show Comments

Extras

Created Feb 1, 2014ReportNominate
Tags:1990, date, United Nations

Top Quizzes Today


Score Distribution

Your Account Isn't Verified!

In order to create a playlist on Sporcle, you need to verify the email address you used during registration. Go to your Sporcle Settings to finish the process.

Report this User

Report this user for behavior that violates our Community Guidelines.

Details: